00247nam a2200097Ia 4500008004100000100002200041245004100063250000800104260002900112300000800141191201s2007 xx 000 0 und d aKAMTHANE, Ashok N 0aIntroduction to data structures in c aimp c2007bPearsonaNEW DELHI a484